Bytový dom

Salvato in:
Dettagli Bibliografici
Autore principale: Štefanech, Matej (Autore)
Altri autori: Franek, Michal (Relatore della tesi)
Natura: Manoscritto Libro
Lingua:slovacco
Pubblicazione: 2023
Soggetti:
Accesso online:http://is.stuba.sk/zp/portal_zp.pl?podrobnosti=156524
https://opac.crzp.sk/?fn=detailBiblioForm&sid=D51643D01657CDEC2F95B0F06848
Tags: Aggiungi Tag
Nessun Tag, puoi essere il primo ad aggiungerne!!

MARC

LEADER 00000ntm a22000003a 4500
001 stuzp93758
003 SK-STU
005 20230921131402.9
007 ta
008 150427s2015----xo-----f-mn---000-0-slo-d
040 |a STU  |b slo 
041 0 |a slo 
100 1 |a Štefanech, Matej  |u 010180  |4 aut  |U SvF Stavebná fakulta  |T SvF Katedra konštrukcií pozemných stavieb  |X 104355  |U V180  |Y 18  |7 104355 
242 0 1 |a Apartment building  |y eng 
245 1 0 |a Bytový dom 
260 |c 2023 
650 4 |a Bývanie  |2 slo 
650 4 |a Realizačný projekt  |2 slo 
650 4 |a Architektúra  |2 slo 
650 4 |a Dispozícia  |2 slo 
650 4 |a Stavba  |2 slo 
650 4 |a Konštrukcia  |2 slo 
650 4 |a Bytový dom  |2 slo 
650 4 |a Layout  |2 eng 
650 4 |a Residential house  |2 eng 
650 4 |a Building  |2 eng 
650 4 |a Realization project  |2 eng 
650 4 |a Architecture  |2 eng 
650 4 |a Housing  |2 eng 
650 4 |a Construction  |2 eng 
700 1 |a Franek, Michal  |u 010180  |k Z1  |4 ths  |U SvF Stavebná fakulta  |T SvF Katedra konštrukcií pozemných stavieb  |X 49000  |U V180  |Y 18  |7 A000049000 
856 4 |u http://is.stuba.sk/zp/portal_zp.pl?podrobnosti=156524 
856 4 |u https://opac.crzp.sk/?fn=detailBiblioForm&sid=D51643D01657CDEC2F95B0F06848